Reimaging America : the arts of social change = Reimaginando América: el arte del cambio social /
Guardado en:
| Autores principales: | , |
|---|---|
| Formato: | Desconocido |
| Lenguaje: | English |
| Publicado: |
Philadelphia :
New Society Publishers,
1990.
|
| Materias: | |
| Etiquetas: |
Agregar Etiqueta
Sin Etiquetas, Sea el primero en etiquetar este registro!
|
MARC
| LEADER | 000000000a22000000004500 | ||
|---|---|---|---|
| 001 | 014288 | ||
| 020 | |a 0865711690 | ||
| 041 | 0 | |a eng | |
| 082 | 0 | 4 | |a 700.1 |b R384r |
| 100 | 1 | |a O'Brien, Mark | |
| 100 | 1 | |a Little, Craig | |
| 245 | 1 | 0 | |a Reimaging America : |b the arts of social change = Reimaginando América: el arte del cambio social / |c Mark O'Brien, Craig Little. |
| 246 | 3 | 1 | |a Reimaginando América: el arte del cambio social |
| 260 | 1 | |a Philadelphia : |b New Society Publishers, |c 1990. | |
| 300 | |a 364 páginas | ||
| 650 | 4 | |a ARTE | |
| 650 | 4 | |a SOCIEDAD | |
| 650 | 4 | |a ESTADOS UNIDOS | |
| 500 | |a Colección George Yúdice | ||
| 999 | |c 20182 |d 20182 | ||
| 942 | |c BK |h 700.1 R384r |2 z | ||



